[Event "EU-ch 19th"]
[Site "Batumi"]
[Date "2018.03.21"]
[Round "5"]
[White "Draskovic, Luka"]
[Black "Nuber, Blasius"]
[Result "1-0"]
[WhiteElo "2447"]
[BlackElo "2284"]
[PlyCount "113"]
[EventDate "2018.03.17"]
[EventType "swiss"]
[EventRounds "11"]
[EventCountry "GEO"]
[SourceTitle "CBM 184"]
[Source "ChessBase"]
[SourceDate "2018.05.16"]
[SourceVersion "1"]
[SourceVersionDate "2018.05.16"]
[SourceQuality "1"]

1. e4 e5 2. Nf3 Nc6 3. Bc4 Be7 4. 0-0 Nf6 5. d3 d6 6. Re1 0-0 7. a3 Nh5 8. Nc3 Nf6 9. h3 Be6 10. Nd5 h6 11. c3 Re8 12. b4 a6 13. a4 Bf8 14. Nh2 Nb8 15. Nxf6+ Qxf6 16. Ng4 Qg6 17. Bxe6 Qxe6 18. f4 exf4 19. Bxf4 Nd7 20. Qf3 c6 21. d4 Nf6 22. Nxf6+ Qxf6 23. Bg3 Qxf3 24. gxf3 a5 25. b5 cxb5 26. axb5 Rec8 27. Rec1 Rc4 28. Kf1 f5 29. Ke2 fxe4 30. fxe4 b6 31. Kd3 Rac8 32. d5 Be7 33. Bf2 Bf6 34. Ra3 Rb4 35. cxb4 Rxc1 36. bxa5 bxa5 37. Rxa5 Rc3+ 38. Ke2 Rxh3 39. Ra6 Be5 40. Be3 Rh2+ 41. Kd3 Rb2 42. b6 h5 43. Bd4 Bxd4 44. Kxd4 h4 45. e5 dxe5+ 46. Kxe5 h3 47. Ra8+ Kf7 48. Ra7+ Kg6 49. d6 Rxb6 50. d7 Rb8 51. Ra3 h2 52. Rh3 Kg5 53. Rxh2 g6 54. Rg2+ Kh5 55. Kf6 Rg8 56. Rg5+ Kh6 57. Rd5 1-0

[Event "EU-ch 19th"]
[Site "Batumi"]
[Date "2018.03.20"]
[Round "4"]
[White "Nuber, Blasius"]
[Black "Pijpers, Arthur"]
[Result "1/2-1/2"]
[WhiteElo "2284"]
[BlackElo "2453"]
[PlyCount "54"]
[EventDate "2018.03.17"]
[EventType "swiss"]
[EventRounds "11"]
[EventCountry "GEO"]
[SourceTitle "CBM 184"]
[Source "ChessBase"]
[SourceDate "2018.05.16"]
[SourceVersion "1"]
[SourceVersionDate "2018.05.16"]
[SourceQuality "1"]

1. e4 c5 2. c3 Nf6 3. e5 Nd5 4. d4 cxd4 5. cxd4 d6 6. Nf3 Nc6 7. Bc4 dxe5 8. dxe5 Ndb4 9. Qxd8+ Nxd8 10. Na3 a6 11. Nd4 b5 12. Bd2 e6 13. Be2 Bb7 14. 0-0 Bd5 15. Bxb4 Bxb4 16. Nac2 Be7 17. a4 bxa4 18. Rxa4 Rb8 19. Rxa6 Rxb2 20. Bb5+ Kf8 21. Ne3 Bb7 22. Ra4 g6 23. Rc4 h5 24. f4 Be4 25. Rf2 Rb1+ 26. Rf1 Rb2 27. Rf2 Rb1+ 1/2-1/2

[Event "Landesliga Sued 1617"]
[Site "Bayern"]
[Date "2016.11.20"]
[Round "2.1"]
[White "Nuber, Blasius"]
[Black "Riediger, Martin"]
[Result "1-0"]
[WhiteElo "2324"]
[BlackElo "2229"]
[PlyCount "93"]
[EventDate "2016.10.16"]
[EventType "team-tourn"]
[EventRounds "9"]
[EventCountry "GER"]
[SourceTitle "EXT 2019"]
[Source "ChessBase"]
[SourceDate "2018.10.10"]
[SourceVersion "1"]
[SourceVersionDate "2018.10.10"]
[SourceQuality "1"]
[WhiteTeam "Dillingen"]
[BlackTeam "Rottal"]
[WhiteTeamCountry "GER"]
[BlackTeamCountry "GER"]

1. e4 e5 2. Nf3 Nc6 3. Bc4 Bc5 4. 0-0 Nf6 5. d3 d6 6. c3 Bb6 7. Nbd2 0-0 8. Re1 Ne7 9. a4 c6 10. Nf1 Ng4 11. Re2 Ng6 12. h3 Nh6 13. Bg5 Qd7 14. Qd2 Kh8 15. Bxh6 gxh6 16. Qxh6 Qe7 17. a5 Nf4 18. Ng5 Nxe2+ 19. Kh2 f6 20. Nxh7 Qg7 21. Qxg7+ Kxg7 22. Nxf8 Bxf2 23. Ne6+ Bxe6 24. Bxe6 Nf4 25. Bf5 b5 26. Rd1 a6 27. g3 Ng6 28. Kg2 Bc5 29. Nd2 b4 30. Nb3 bxc3 31. bxc3 Rb8 32. Rb1 Ne7 33. Be6 d5 34. Nd2 Rxb1 35. Nxb1 d4 36. cxd4 Bb4 37. dxe5 fxe5 38. Bc4 c5 39. Bxa6 Nc6 40. Bc4 Bxa5 41. Na3 Nd4 42. Bd5 Bc3 43. Nc4 Nc2 44. Kf3 Kg6 45. Nb6 Bd4 46. Nd7 Ne3 47. h4 1-0

[Event "Landesliga Sued 1516"]
[Site "Bayern"]
[Date "2016.01.17"]
[Round "5.1"]
[White "Riediger, Martin"]
[Black "Nuber, Blasius"]
[Result "0-1"]
[WhiteElo "2246"]
[BlackElo "2324"]
[PlyCount "132"]
[EventDate "2015.10.11"]
[EventType "team-tourn"]
[EventRounds "9"]
[EventCountry "GER"]
[SourceTitle "EXT 2018"]
[Source "ChessBase"]
[SourceDate "2017.10.13"]
[SourceVersion "1"]
[SourceVersionDate "2017.10.13"]
[SourceQuality "1"]
[WhiteTeam "Rottal"]
[BlackTeam "Dillingen"]
[WhiteTeamCountry "GER"]
[BlackTeamCountry "GER"]

1. d4 d5 2. c4 c6 3. Nf3 Nf6 4. e3 a6 5. Nc3 b5 6. c5 g6 7. Bd2 Bg7 8. Bd3 Bg4 9. Qc2 Nbd7 10. Ng1 e5 11. f3 Be6 12. Nge2 Qe7 13. 0-0 0-0 14. b4 Ne8 15. a4 Nc7 16. Qb2 f5 17. axb5 axb5 18. Rxa8 Rxa8 19. Ra1 Qf8 20. Rxa8 Qxa8 21. Qa2 Qxa2 22. Nxa2 g5 23. Bc3 f4 24. exf4 exf4 25. g4 fxg3 26. Nxg3 Nf8 27. Nc1 Ng6 28. Nh5 Bh8 29. Ne2 Nh4 30. Kf2 Bf7 31. Nhg3 Bg6 32. Bxg6 hxg6 33. Nc1 Kf7 34. Nb3 Ke7 35. Na5 Kd7 36. Ke3 Ne6 37. Nb3 Bf6 38. Ne2 Bd8 39. Nbc1 Bc7 40. h3 Bf4+ 41. Kf2 Nf5 42. Nxf4 Nxf4 43. Ne2 Nxh3+ 44. Kg2 Nf4+ 45. Nxf4 gxf4 46. Kh3 Ng3 47. Kg4 Ne2 48. Ba1 Ke6 49. Kg5 Ng1 50. Kxf4 Kf6 51. Bb2 g5+ 52. Ke3 Nh3 53. Bc1 Nf4 54. Bd2 Kf5 55. Kf2 g4 56. fxg4+ Kxg4 57. Bc3 Ne6 58. Ke3 Ng7 59. Bd2 Nf5+ 60. Kd3 Kf3 61. Bg5 Ng3 62. Bd8 Ne2 63. Bg5 Nf4+ 64. Kc3 Ke4 65. Bf6 Ne2+ 66. Kd2 Nxd4 0-1

[Event "Landesliga Sued 1516"]
[Site "Bayern"]
[Date "2015.10.25"]
[Round "2.1"]
[White "Sedlak, Nikola"]
[Black "Nuber, Blasius"]
[Result "1-0"]
[WhiteElo "2528"]
[BlackElo "2324"]
[PlyCount "109"]
[EventDate "2015.10.11"]
[EventType "team-tourn"]
[EventRounds "9"]
[EventCountry "GER"]
[SourceTitle "EXT 2018"]
[Source "ChessBase"]
[SourceDate "2017.10.13"]
[SourceVersion "1"]
[SourceVersionDate "2017.10.13"]
[SourceQuality "1"]
[WhiteTeam "Deggendorf"]
[BlackTeam "Dillingen"]
[WhiteTeamCountry "GER"]
[BlackTeamCountry "GER"]

1. d4 d5 2. Bf4 Nf6 3. e3 e6 4. Nd2 c5 5. c3 Nc6 6. Ngf3 Be7 7. Bd3 0-0 8. Ne5 Nxe5 9. dxe5 Nd7 10. Qh5 g6 11. Qe2 f6 12. exf6 Bxf6 13. Bh6 Re8 14. Nf3 Qc7 15. e4 c4 16. Bc2 b5 17. 0-0 Bb7 18. Rae1 dxe4 19. Bxe4 Nc5 20. Bxb7 Qxb7 21. Rd1 Rad8 22. Rxd8 Rxd8 23. Bg5 Bxg5 24. Nxg5 Qd5 25. h4 h6 26. Nf3 Qe4 27. Qxe4 Nxe4 28. Re1 Nc5 29. Nd4 a6 30. Re3 Kf7 31. Rf3+ Kg7 32. Re3 Kf6 33. f4 Rd6 34. g4 h5 35. g5+ Kf7 36. b3 cxb3 37. axb3 b4 38. cxb4 Rxd4 39. bxc5 Rxf4 40. c6 Ke7 41. Rd3 Rf5 42. Rd7+ Ke8 43. Rg7 Kd8 44. Kg2 Rf4 45. Kg3 Rg4+ 46. Kh3 Rb4 47. Rxg6 Rxb3+ 48. Kg2 Rb4 49. Kg3 Rb3+ 50. Kf4 Rb4+ 51. Ke5 Rxh4 52. Rg7 a5 53. g6 a4 54. Ra7 Rg4 55. g7 1-0

[Event "AUT-chT2W 1516"]
[Site "Austria"]
[Date "2015.10.16"]
[Round "1.2"]
[White "Nuber, Blasius"]
[Black "Hausner, Ivan"]
[Result "1/2-1/2"]
[WhiteElo "2349"]
[BlackElo "2332"]
[PlyCount "103"]
[EventDate "2015.10.16"]
[EventType "team-tourn"]
[EventRounds "11"]
[EventCountry "AUT"]
[SourceTitle "CBM 168 Extra"]
[Source "ChessBase"]
[SourceDate "2015.10.29"]
[SourceVersion "1"]
[SourceVersionDate "2015.10.29"]
[SourceQuality "1"]
[WhiteTeam "Voels/Innsbruck"]
[BlackTeam "Zillertal"]
[WhiteTeamCountry "AUT"]
[BlackTeamCountry "AUT"]

1. e4 e6 2. d4 d5 3. Nd2 Be7 4. Bd3 c5 5. c3 cxd4 6. cxd4 Nc6 7. Ngf3 dxe4 8. Nxe4 Nf6 9. 0-0 0-0 10. Re1 Nxd4 11. Bg5 Nc6 12. Qe2 Nd5 13. Rad1 Qc7 14. Bb1 h6 15. Bc1 Bd7 16. Qc2 f5 17. Ng3 Rae8 18. a3 Bc8 19. Ba2 Ne5 20. Qe2 Nxf3+ 21. Qxf3 Kh8 22. Bxd5 exd5 23. Bf4 Bd6 24. Rxe8 Rxe8 25. Bxd6 Qxd6 26. Nxf5 Qf6 27. Ne3 Qxb2 28. Nxd5 Qe5 29. h3 Bf5 30. Ne3 Be4 31. Qf7 Qe7 32. Rd7 Qxf7 33. Rxf7 Rd8 34. Re7 Bc6 35. Nf5 Rd7 36. Rxd7 Bxd7 37. Nd4 Kg8 38. f4 Kf7 39. Kf2 Ke7 40. Ke3 Kd6 41. Ke4 b5 42. g4 a5 43. f5 b4 44. axb4 axb4 45. h4 Ba4 46. Kd3 Ke5 47. g5 h5 48. f6 gxf6 49. gxf6 Kxf6 50. Kc4 Ke5 51. Kxb4 Bd1 52. Kc3 1/2-1/2

[Event "Landesliga Sued 1516"]
[Site "Bayern"]
[Date "2015.10.11"]
[Round "1.2"]
[White "Shirazi, Kamran"]
[Black "Nuber, Blasius"]
[Result "1-0"]
[WhiteElo "2298"]
[BlackElo "2324"]
[PlyCount "73"]
[EventDate "2015.10.11"]
[EventType "team-tourn"]
[EventRounds "9"]
[EventCountry "GER"]
[SourceTitle "EXT 2018"]
[Source "ChessBase"]
[SourceDate "2017.10.13"]
[SourceVersion "1"]
[SourceVersionDate "2017.10.13"]
[SourceQuality "1"]
[WhiteTeam "Muenchen 36"]
[BlackTeam "Dillingen"]
[WhiteTeamCountry "GER"]
[BlackTeamCountry "GER"]

1. d4 d5 2. c4 c6 3. Nc3 Nf6 4. e3 a6 5. c5 Bf5 6. Nf3 Nbd7 7. Nh4 e6 8. f3 Qc7 9. Nxf5 exf5 10. Bd3 g6 11. 0-0 Bg7 12. e4 Nxe4 13. fxe4 Bxd4+ 14. Kh1 fxe4 15. Nxd5 cxd5 16. Bxe4 Qxc5 17. Qb3 Nb6 18. Bh6 f5 19. Rac1 Qb5 20. Qd1 Bxb2 21. Bd3 Qb4 22. Qe2+ Kd7 23. Rb1 Na4 24. Bc2 Nc3 25. Rxb2 Nxe2 26. Rxb4 b5 27. a4 Rhc8 28. Bd3 Nc3 29. axb5 axb5 30. Bxb5+ Nxb5 31. Rxb5 Kc6 32. Rfb1 Ra4 33. h3 Rc4 34. Rb6+ Kd7 35. Rd1 Kc7 36. Rb5 d4 37. Rd5 1-0

[Event "Abu Dhabi op 23rd"]
[Site "Abu Dhabi"]
[Date "2015.08.31"]
[Round "9"]
[White "Nuber, Blasius"]
[Black "Visakh, Narayanan Rajeswari"]
[Result "1-0"]
[WhiteElo "2339"]
[BlackElo "2411"]
[PlyCount "179"]
[EventDate "2015.08.23"]
[EventType "swiss"]
[EventRounds "9"]
[EventCountry "UAE"]
[SourceTitle "EXT 2016"]
[Source "ChessBase"]
[SourceDate "2015.10.08"]
[SourceVersion "1"]
[SourceVersionDate "2015.10.08"]
[SourceQuality "1"]

1. e4 c6 2. d4 d5 3. Nc3 g6 4. Nf3 Bg7 5. Be2 Bg4 6. Be3 Nf6 7. e5 Nfd7 8. Qd2 e6 9. Bh6 0-0 10. h4 Bxf3 11. Bxf3 f6 12. Bxg7 Kxg7 13. exf6+ Qxf6 14. 0-0-0 h6 15. h5 g5 16. Rhe1 Na6 17. Bg4 Rae8 18. f3 Qf7 19. Qd3 Nc7 20. Ne2 Nf6 21. Ng3 Nxg4 22. fxg4 Kh8 23. Rf1 Qg7 24. Qe3 Rxf1 25. Rxf1 Rf8 26. Rf3 Kg8 27. c3 a5 28. Nh1 Re8 29. Qf2 Re7 30. Ng3 Ne8 31. Qe2 Nc7 32. Qf2 Rf7 33. Qe3 Rf8 34. Nh1 Re8 35. Qf2 Re7 36. Ng3 b5 37. Qd2 Rf7 38. Kc2 Rf8 39. Qf2 Rf7 40. Kc1 Re7 41. Rf6 Rf7 42. Rf3 Rf8 43. Qd2 Rf6 44. Qe3 Rf7 45. Qd2 Re7 46. Qf2 Ne8 47. Qe2 Nc7 48. Qf2 Rf7 49. Qd2 Qf8 50. Qe3 Qg7 51. Qf2 Rf8 52. Qd2 b4 53. cxb4 Rxf3 54. gxf3 Qf8 55. Qe3 axb4 56. Qe5 Qf7 57. Kd2 Ne8 58. Ke3 Nf6 59. Qb8+ Kg7 60. Qxb4 Qc7 61. Kf2 Kf7 62. Qc3 Qb6 63. Kg2 Qa6 64. a3 Nd7 65. Qc2 Nf8 66. Ne2 Qb6 67. Qc3 Qb5 68. Nc1 Nd7 69. Nd3 Ke8 70. b3 Qa6 71. a4 Kd8 72. Kf2 Kc7 73. Nc5 Nxc5 74. dxc5 Kb8 75. Qh8+ Kb7 76. Qxh6 Qa5 77. Qh7+ Kb8 78. Qc2 Qb4 79. h6 Qf4 80. Kg2 Qf6 81. h7 Qh6 82. b4 d4 83. Qe4 Ka7 84. b5 Qg7 85. Qxc6 Qxh7 86. b6+ Kb8 87. Qe4 Qh8 88. c6 Kc8 89. Qxe6+ Kb8 90. Qd7 1-0

[Event "Abu Dhabi op 23rd"]
[Site "Abu Dhabi"]
[Date "2015.08.25"]
[Round "3"]
[White "Nuber, Blasius"]
[Black "Sindarov, Javokhir"]
[Result "0-1"]
[WhiteElo "2339"]
[BlackElo "2198"]
[PlyCount "78"]
[EventDate "2015.08.23"]
[EventType "swiss"]
[EventRounds "9"]
[EventCountry "UAE"]
[SourceTitle "EXT 2016"]
[Source "ChessBase"]
[SourceDate "2015.10.08"]
[SourceVersion "1"]
[SourceVersionDate "2015.10.08"]
[SourceQuality "1"]

1. e4 d6 2. d4 Nf6 3. Bd3 e5 4. Ne2 Be7 5. 0-0 0-0 6. c4 Nc6 7. d5 Nb4 8. Nbc3 Nxd3 9. Qxd3 c6 10. f3 Qb6+ 11. Kh1 Nd7 12. Rb1 Re8 13. Be3 Qc7 14. b4 Nf6 15. Nc1 a5 16. a3 a4 17. Rf2 cxd5 18. cxd5 Bd7 19. Rc2 Rec8 20. b5 Qa5 21. Rb4 Qc7 22. N1a2 Qd8 23. Rcb2 Nh5 24. Nxa4 Bg5 25. Bg1 Bc1 26. Nxc1 Rxc1 27. Qe3 Rac8 28. g3 Qf6 29. Rb1 Bh3 30. Rxc1 Rxc1 31. Rb3 Rf1 32. Rc3 h6 33. Nb2 Qg6 34. Nc4 Nf4 35. Rc2 Nxd5 36. Qd3 Nf4 37. Qxd6 Bg4 38. Nxe5 Bxf3+ 39. Nxf3 Qxd6 0-1

[Event "Abu Dhabi op 23rd"]
[Site "Abu Dhabi"]
[Date "2015.08.24"]
[Round "2"]
[White "Iturrizaga Bonelli, Eduardo"]
[Black "Nuber, Blasius"]
[Result "1-0"]
[WhiteElo "2625"]
[BlackElo "2339"]
[PlyCount "47"]
[EventDate "2015.08.23"]
[EventType "swiss"]
[EventRounds "9"]
[EventCountry "UAE"]
[SourceTitle "EXT 2016"]
[Source "ChessBase"]
[SourceDate "2015.10.08"]
[SourceVersion "1"]
[SourceVersionDate "2015.10.08"]
[SourceQuality "1"]

1. Nf3 Nf6 2. c4 c6 3. Nc3 d5 4. e3 g6 5. d4 Bg7 6. Bd3 0-0 7. 0-0 Nbd7 8. b3 dxc4 9. bxc4 Qa5 10. Bd2 Qc7 11. e4 e5 12. d5 Nc5 13. Be3 Nfd7 14. Qd2 Qa5 15. Be2 Re8 16. Qc2 Nb6 17. Nd2 Nba4 18. Nxa4 Nxa4 19. Rfc1 c5 20. Rab1 a6 21. Nf1 b5 22. cxb5 axb5 23. Bxb5 Rd8 24. Bd2 1-0

[Event "Oberliga Bayern 1415"]
[Site "Germany"]
[Date "2015.03.15"]
[Round "8.1"]
[White "Heika, Martin"]
[Black "Nuber, Blasius"]
[Result "1/2-1/2"]
[WhiteElo "2392"]
[BlackElo "2367"]
[PlyCount "119"]
[EventDate "2014.10.19"]
[EventType "team-tourn"]
[EventRounds "9"]
[EventCountry "GER"]
[SourceTitle "EXT 2016"]
[Source "ChessBase"]
[SourceDate "2015.10.08"]
[SourceVersion "1"]
[SourceVersionDate "2015.10.08"]
[SourceQuality "1"]
[WhiteTeam "Kareth Lappersdorf"]
[BlackTeam "Dillingen"]
[WhiteTeamCountry "GER"]
[BlackTeamCountry "GER"]

1. e4 e5 2. Nf3 Nc6 3. d4 exd4 4. Nxd4 Qf6 5. Nb5 Bc5 6. Qe2 Bb6 7. N1c3 Nge7 8. Be3 Ba5 9. 0-0-0 a6 10. Nd5 Nxd5 11. exd5 axb5 12. Bd4+ Qe7 13. dxc6 bxc6 14. Bxg7 Qxe2 15. Bxe2 Rg8 16. Be5 d6 17. Bf3 Bd7 18. Bd4 d5 19. c3 Bb6 20. Bxb6 cxb6 21. a3 Ke7 22. Rhe1+ Kd6 23. g3 Rae8 24. Rxe8 Rxe8 25. Kd2 Re5 26. Be2 Bf5 27. Re1 f6 28. Bd1 Kc5 29. Re3 d4 30. Rf3 dxc3+ 31. Rxc3+ Kd6 32. f4 Rd5+ 33. Ke1 Be4 34. Bb3 Rd4 35. Ke2 c5 36. Ke3 b4 37. axb4 Rxb4 38. Bg8 Bg6 39. Rb3 Re4+ 40. Kf3 Re8 41. Bc4 Be4+ 42. Kf2 Kc7 43. Re3 Kc6 44. f5 Re5 45. g4 b5 46. Bg8 Re7 47. Kg3 Kd6 48. Kf4 Bb1 49. Rxe7 Kxe7 50. Bxh7 Ba2 51. h4 b4 52. Ke3 Bd5 53. h5 Kf7 54. h6 c4 55. Kd2 Kf8 56. Bg6 Kg8 57. h7+ Kg7 58. g5 fxg5 59. f6+ Kh8 60. f7 1/2-1/2

[Event "AUT-chT2W 1415"]
[Site "Austria"]
[Date "2015.03.06"]
[Round "9.2"]
[White "Milanovic, Danilo"]
[Black "Nuber, Blasius"]
[Result "1/2-1/2"]
[WhiteElo "2485"]
[BlackElo "2367"]
[PlyCount "106"]
[EventDate "2014.10.10"]
[EventType "team-tourn"]
[EventRounds "11"]
[EventCountry "AUT"]
[SourceTitle "EXT 2016"]
[Source "ChessBase"]
[SourceDate "2015.10.08"]
[SourceVersion "1"]
[SourceVersionDate "2015.10.08"]
[SourceQuality "1"]
[WhiteTeam "Dornbirn"]
[BlackTeam "Innsbruck"]
[WhiteTeamCountry "AUT"]
[BlackTeamCountry "AUT"]

1. d4 d5 2. c4 c6 3. Nf3 Nf6 4. e3 a6 5. Bd3 b5 6. b3 Bg4 7. 0-0 e6 8. Bb2 Nbd7 9. Nbd2 Be7 10. Qc2 Bh5 11. Rfc1 Bg6 12. Bxg6 hxg6 13. cxb5 cxb5 14. a4 0-0 15. Qc6 Qb8 16. axb5 Qxb5 17. Ba3 Bxa3 18. Rxa3 Rfb8 19. Qxb5 axb5 20. Rxa8 Rxa8 21. Kf1 Kf8 22. Rc7 Ke7 23. Rb7 Rb8 24. Ra7 Rc8 25. Ke2 Ne8 26. Ne5 Rc7 27. Ra5 Nd6 28. Nd3 g5 29. h3 f6 30. Nb4 Rc3 31. Na2 Rc7 32. Kd3 Nb8 33. Nb4 Nc6 34. Nxc6+ Rxc6 35. Ra7+ Kf8 36. g4 Nc8 37. Rb7 Nd6 38. Ra7 Nc8 39. Ra5 Nd6 40. f3 Rc1 41. Ra8+ Ke7 42. Ra7+ Kf8 43. Rd7 Rc6 44. e4 b4 45. exd5 exd5 46. Rd8+ Ke7 47. Rb8 Rc3+ 48. Ke2 Kd7 49. Rxb4 Kc6 50. Rb8 Kc7 51. Rb4 Kc6 52. Rb8 Kc7 53. Rb4 Kc6 1/2-1/2

[Event "Oberliga Bayern 1415"]
[Site "Germany"]
[Date "2015.01.18"]
[Round "5.1"]
[White "Wolfsteiner, Helmut"]
[Black "Nuber, Blasius"]
[Result "0-1"]
[WhiteElo "2377"]
[BlackElo "2367"]
[PlyCount "92"]
[EventDate "2014.10.19"]
[EventType "team-tourn"]
[EventRounds "9"]
[EventCountry "GER"]
[SourceTitle "EXT 2016"]
[Source "ChessBase"]
[SourceDate "2015.10.08"]
[SourceVersion "1"]
[SourceVersionDate "2015.10.08"]
[SourceQuality "1"]
[WhiteTeam "Kriegshaber"]
[BlackTeam "Dillingen"]
[WhiteTeamCountry "GER"]
[BlackTeamCountry "GER"]

1. Nf3 Nf6 2. c4 e6 3. Nc3 d5 4. d4 Be7 5. Bg5 Nbd7 6. e3 c6 7. Bd3 dxc4 8. Bxc4 b5 9. Bd3 a6 10. 0-0 Bb7 11. Qe2 c5 12. Rad1 b4 13. Na4 cxd4 14. exd4 Qa5 15. b3 0-0 16. Bh4 Bd6 17. Rfe1 Rfc8 18. Bc4 Nd5 19. Ne5 Nxe5 20. dxe5 Nf4 21. Qg4 Bxe5 22. Bg3 Rxc4 23. bxc4 h5 24. Qh4 Ng6 25. Qxh5 Qxa4 26. Bxe5 Qxa2 27. Rd7 Bc6 28. Rc7 Qxc4 29. Qg5 Qd5 30. f3 Nxe5 31. Qxe5 Qxe5 32. Rxe5 Bd5 33. Re1 a5 34. Kf2 a4 35. Ke3 b3 36. Kd2 a3 37. Kc1 Ra4 38. Rd1 g5 39. h3 Kg7 40. Rc5 Kf6 41. Kb1 Kf5 42. g3 Kg6 43. Rc3 Rb4 44. Re3 Rb8 45. g4 Rc8 46. Rxd5 a2+ 0-1

[Event "Oberliga Bayern 1415"]
[Site "Germany"]
[Date "2014.11.09"]
[Round "2.1"]
[White "Nuber, Blasius"]
[Black "Arnaudov, Petar G"]
[Result "0-1"]
[WhiteElo "2367"]
[BlackElo "2436"]
[PlyCount "98"]
[EventDate "2014.10.19"]
[EventType "team-tourn"]
[EventRounds "9"]
[EventCountry "GER"]
[SourceTitle "EXT 2016"]
[Source "ChessBase"]
[SourceDate "2015.10.08"]
[SourceVersion "1"]
[SourceVersionDate "2015.10.08"]
[SourceQuality "1"]
[WhiteTeam "Dillingen"]
[BlackTeam "Goeggingen"]
[WhiteTeamCountry "GER"]
[BlackTeamCountry "GER"]

1. e4 e5 2. Nc3 Nf6 3. g3 c6 4. Bg2 d5 5. d3 Bb4 6. Bd2 0-0 7. a3 Ba5 8. Nge2 d4 9. Nb1 Bxd2+ 10. Nxd2 c5 11. 0-0 Nc6 12. h3 Ne8 13. f4 f6 14. Kh2 Nd6 15. c4 dxc3 16. bxc3 Be6 17. Nb3 b6 18. d4 Bc4 19. fxe5 fxe5 20. Rxf8+ Qxf8 21. dxe5 Nxe5 22. Nf4 Rd8 23. Nd2 Ndf7 24. Qc2 Rd6 25. Nxc4 Nxc4 26. Qb3 Nfe5 27. Rd1 Rxd1 28. Qxd1 Qd6 29. Nd5 h6 30. Qa4 Qd7 31. Qb3 Qf7 32. Qa4 Qf2 33. Qe8+ Kh7 34. Qh5 g6 35. Qd1 h5 36. a4 Nd2 37. Kh1 Ndc4 38. Kh2 Nb2 39. Qf1 Qxf1 40. Bxf1 Nxa4 41. Ba6 c4 42. Bb5 Nc5 43. Nf6+ Kg7 44. Ne8+ Kf7 45. Nd6+ Ke6 46. Nxc4 Nxe4 47. Nxe5 Kxe5 48. Bd3 a5 49. Bc2 b5 0-1

[Event "Oberliga Bayern 1415"]
[Site "Germany"]
[Date "2014.10.19"]
[Round "1.1"]
[White "Lauer, Moritz"]
[Black "Nuber, Blasius"]
[Result "1/2-1/2"]
[WhiteElo "2355"]
[BlackElo "2367"]
[PlyCount "47"]
[EventDate "2014.10.19"]
[EventType "team-tourn"]
[EventRounds "9"]
[EventCountry "GER"]
[SourceTitle "EXT 2016"]
[Source "ChessBase"]
[SourceDate "2015.10.08"]
[SourceVersion "1"]
[SourceVersionDate "2015.10.08"]
[SourceQuality "1"]
[WhiteTeam "Puschendorf"]
[BlackTeam "Dillingen"]
[WhiteTeamCountry "GER"]
[BlackTeamCountry "GER"]

1. e4 e5 2. Nf3 Nc6 3. Bb5 a6 4. Bxc6 dxc6 5. 0-0 f6 6. d4 exd4 7. Nxd4 c5 8. Nb3 Qxd1 9. Rxd1 Bd7 10. Bf4 0-0-0 11. Nc3 Bc6 12. Rxd8+ Kxd8 13. Na5 Ne7 14. Re1 Kc8 15. e5 Bd7 16. e6 Be8 17. h4 b6 18. Nc4 Bc6 19. Ne3 g6 20. Rd1 Bg7 21. Ncd5 Nxd5 22. Nxd5 Bxd5 23. Rxd5 Rd8 24. Rxd8+ 1/2-1/2

[Event "EU-ch 15th"]
[Site "Yerevan"]
[Date "2014.03.14"]
[Round "11"]
[White "Nuber, Blasius"]
[Black "Minasian, Artashes"]
[Result "1/2-1/2"]
[WhiteElo "2359"]
[BlackElo "2482"]
[PlyCount "105"]
[EventDate "2014.03.03"]
[EventType "swiss"]
[EventRounds "11"]
[EventCountry "ARM"]
[SourceTitle "CBM 160"]
[Source "ChessBase"]
[SourceDate "2014.05.15"]
[SourceVersion "1"]
[SourceVersionDate "2014.05.15"]
[SourceQuality "1"]

1. e4 c6 2. d4 d5 3. Nc3 dxe4 4. Nxe4 Nf6 5. Nxf6+ gxf6 6. c3 Nd7 7. Nf3 Nb6 8. g3 Bg4 9. Bg2 Qd7 10. 0-0 h5 11. Qb3 0-0-0 12. a4 Qd5 13. Nd2 Qxb3 14. Nxb3 a6 15. a5 Nd5 16. Bd2 e6 17. Rfe1 h4 18. Ra4 Bf5 19. Rc1 h3 20. Bf3 e5 21. c4 Nc7 22. d5 Bd7 23. Raa1 Kb8 24. Be3 cxd5 25. cxd5 Nb5 26. Nc5 Bh6 27. Rc4 Bxe3 28. fxe3 Nd6 29. Nxd7+ Rxd7 30. Rh4 Rdd8 31. Rxh8 Rxh8 32. Rc1 f5 33. Kf2 f6 34. Rc2 Rg8 35. Ke1 Rg7 36. Kf2 Rg8 37. Ke1 Rd8 38. Kf2 Rh8 39. b4 Rg8 40. Rc1 Rg7 41. Rc2 Nf7 42. Rc5 Ng5 43. Rc4 Rd7 44. Rc5 Rd6 45. b5 axb5 46. Rxb5 Ka7 47. g4 fxg4 48. Bxg4 f5 49. Bxf5 Rf6 50. Kg3 Rxf5 51. Kg4 Rf2 52. Kxg5 Rxh2 53. Kg4 1/2-1/2

[Event "EU-ch 15th"]
[Site "Yerevan"]
[Date "2014.03.07"]
[Round "5"]
[White "Babayan, Armine"]
[Black "Nuber, Blasius"]
[Result "0-1"]
[WhiteElo "2085"]
[BlackElo "2359"]
[PlyCount "128"]
[EventDate "2014.03.03"]
[EventType "swiss"]
[EventRounds "11"]
[EventCountry "ARM"]
[SourceTitle "CBM 160"]
[Source "ChessBase"]
[SourceDate "2014.05.15"]
[SourceVersion "1"]
[SourceVersionDate "2014.05.15"]
[SourceQuality "1"]

1. e4 Nf6 2. e5 Nd5 3. c4 Nb6 4. d4 d6 5. exd6 cxd6 6. Be3 g6 7. Nc3 Bg7 8. Qd2 0-0 9. Bh6 e5 10. d5 N8d7 11. h4 Nf6 12. Be2 Bxh6 13. Qxh6 Ng4 14. Qd2 f5 15. f3 Nf6 16. f4 Qe7 17. 0-0-0 Ne4 18. Nxe4 fxe4 19. fxe5 Qxe5 20. h5 Bf5 21. Qd4 Rae8 22. Qxe5 Rxe5 23. g4 Bd7 24. hxg6 hxg6 25. b3 Rf2 26. Re1 Rg2 27. Nh3 g5 28. Rhg1 Rxg1 29. Rxg1 Nc8 30. Kd2 Ne7 31. Ke3 Kg7 32. Bd1 Ng8 33. Bc2 Nf6 34. Nf2 b6 35. Bxe4 Re8 36. Kd4 Rh8 37. Bf5 Rh2 38. Ne4 Bxf5 39. gxf5 Nxe4 40. Kxe4 Kf6 41. Ra1 Rh4+ 42. Kf3 Kxf5 43. Re1 Rh2 44. Re6 Rxa2 45. Rxd6 Ra3 46. Rd7 Rxb3+ 47. Kf2 a5 48. Ra7 Ke5 49. Rg7 Kf4 50. Rf7+ Kg4 51. Ra7 Rc3 52. Rb7 Rxc4 53. Rxb6 Rd4 54. d6 Kf4 55. Ra6 Rd2+ 56. Kf1 Kf3 57. Ke1 Rd5 58. d7 Rxd7 59. Rxa5 g4 60. Ra1 Kg2 61. Ra2+ Kg1 62. Rc2 g3 63. Rc3 g2 64. Rc8 Rh7 0-1